| 000 | 00618nam a2200217 a 4500 | ||
|---|---|---|---|
| 001 | BRCA_1092 | ||
| 005 | 20190320203256.0 | ||
| 008 | 760430s1962 mx-a---###---#000-0#spa-# | ||
| 020 | _a9684328966 | ||
| 040 |
_aDLC _cNNepaSU _dDLC |
||
| 050 | 4 |
_aNA753 _b.T65 1962 |
|
| 100 | 1 |
_aToussaint, Manuel _d1890-1955 _93597 |
|
| 245 | 1 | 0 |
_aPaseos coloniales _cManuel Toussaint |
| 250 | _a3 | ||
| 260 |
_aMéxico _bPorrúa _c1983 |
||
| 300 |
_avii, 177 p. _bil., plans _c28 cm |
||
| 500 | _aIncluye índices de personas e ilustraciones | ||
| 504 | _aBibliografía: 165 | ||
| 650 | 1 | 4 |
_aArquitectura _zMéxico _9596 |
| 942 |
_2lcc _cB |
||
| 999 |
_c971 _d971 |
||